000 01761nam a2200541 i 4500
001 42709
003 KOSZ 005
005 20240405063140.0
008 030128s2003 pl f f |000 0 pol
015 _aPB 2003/1592
020 _a8388067974
035 _a991020128149705066
035 _a(PL-WaBN)b15456250-48omnis_nlop
035 _ab15456250
035 _a(OCoLC)749222008
035 _a(PL)b0000001545625
035 _a(EXLNZ-48OMNIS_NETWORK)9910295811305606
040 _aWA N
_cWA N
_dKOSZ 005/HR
041 0 _apol
046 _k2003
080 _a352/353(438)
080 _a352/353(4)
080 _a(075.8)
100 1 _aWojnicki, Jacek
_d(1972- )
_eAutor
245 1 0 _aSamorząd lokalny w Polsce i w Europie /
_cJacek Wojnicki ; Wyższa Szkoła Humanistyczna im. Aleksandra Gieysztora w Pułtusku.
260 _aPułtusk :
_bWSH,
_c2003.
300 _a174 s. ;
_c21 cm.
336 _2rdacontent
_aTekst
_btxt
337 _2rdamedia
_aBez urządzenia pośredniczącego
_bn
338 _2rdacarrier
_aWolumin
_bnc
380 _aKsiążki
380 _aPublikacje dydaktyczne
385 _mPoziom nauczania
_aSzkoły wyższe
388 _a2001-
504 _aBibliogr.
648 7 _a1901-2000
648 7 _a1989-2000
648 7 _a2001-
650 7 _aSamorząd terytorialny
_2DBN
651 7 _aEuropa
651 7 _aPolska
655 7 _aPodręczniki akademickie
_2DBN
658 _aPolityka, politologia, administracja publiczna
710 2 _aWyższa Szkoła Humanistyczna (Pułtusk)
_4pbl
856 _uhttp://koha.tu.koszalin.pl/cgi-bin/koha/opac-detail.pl?biblionumber=42709
_yKatalog online BPK
942 _2UKD
_cKS
999 _c42709
_d42709